000 00633nam a2200217Ii 4500
003 JO-AjNU
008 230606s9999||||xx |||||||||||||| ||und||
020 _a978-1-119-57889-5
040 _aJO-AjNU
_beng
_erda
_cJO-AjNU
041 _aeng
050 1 4 _aQA76.76.2020
100 3 _a negus, christopher,
_eauthor
_96346
245 0 0 _alinux bible the comprehensive tutorial resource
250 _a10th ed
264 3 1 _aCanada: john wiley and sons, 2020
300 _a887p
336 _atext
_btxt
_2rdacontent
337 _aunmediated
_bn
_2rdamedia
338 _avolume
_bnc
_2rdacarrier
650 4 _aLinux-operating system
_96347
999 _aE3291
_c3287
_d3287